Historia de las historias: de Heródoto al siglo XX
Uloženo v:
| Hlavní autor: | |
|---|---|
| Médium: | Kniha |
| Jazyk: | španělština |
| Vydáno: |
Barcelona
Crítica
2009
|
| Témata: | |
| Tagy: |
Přidat tag
Žádné tagy, Buďte první, kdo vytvoří štítek k tomuto záznamu!
|
MARC
| LEADER | 00000cam a2200000 a 4500 | ||
|---|---|---|---|
| 001 | UCG8474 | ||
| 003 | CL-VaPUC | ||
| 008 | 111212e20090000SP |||||||||||||||||spa|d | ||
| 020 | |a 9788474236996 | ||
| 082 | 0 | 4 | |a 907.2 |b BUR |2 21 |
| 100 | 0 | |a Burrow, John |e author |9 559512 | |
| 245 | 1 | 0 | |a Historia de las historias: de Heródoto al siglo XX |
| 300 | |a 649 p | ||
| 942 | |c BK | ||
| 945 | |d 20111212 00:00:00 |a dcastane | ||
| 260 | |a Barcelona |b Crítica |c 2009 | ||
| 650 | 0 | |a Historiografía |9 257871 | |
| 650 | 0 | |a Fuentes de la historia |9 323547 | |
| 583 | |a last modification |c 20111212 13:13:00 |k Rodrigo Vera | ||
| 999 | |c 346084 |d 346082 | ||
| 952 | |0 0 |1 0 |4 0 |6 907_200000000000000_BUR_2009 |7 0 |8 A |9 446570 |a BIBHIS |b BIBHIS |d 2019-11-22 |i 4803418 |o 907.2 BUR 2009 |p 4803418 |r 2025-01-20 |w 2019-11-22 |y BK |k HIS | ||